000 01209nam a2200241 u 4500
003 AM-YeHGA
005 20250618071804.0
008 031013s1960 ai r 000 0 arm d
040 _aAM-YeHGA
100 1 _aԽալաթյան, Լևոն Արտավազդի,
_d1922-1984
_93588
245 1 0 _aՍարյանը և թատրոնը =
_bСарьян и театр: [Թատերական ձևավորումները հայ և ռուս բեմերում] /
_cԼ.Ա. Խալաթյան; Խմբ.՝ Ս. Աղաբաբյան.
260 _aԵրևան :
_bՀԹԸ հրատ.,
_c1960.
300 _a155 էջ :
_bգունանկ. ;
_c22 սմ.
504 _aԾանոթագրություններ, աղբյուրներ, լրացումներ, էջ՝ 139-155
600 1 4 _aՍարյան, Մարտիրոս Սարգսի,
_d1880-1972
_91036
650 1 4 _aՀայ արվեստ
_xԳեղանկարչություն
650 1 4 _aԹատրոն
653 0 _aՀայ անվանի գեղանկարիչներ
700 1 _aԱղաբաբյան, Սուրեն Բարդուղի,
_d1922-1986
_eխմբ.
_4edt
_91553
856 4 _uhttps://arar.sci.am/dlibra/publication/334110/edition/306047/content
_yԿարդալ առցանց
942 _2udc
_cBK
090 _c99525
999 _c98215
_d98215